| 000 | 00694nam a2200181Ia 4500 | ||
|---|---|---|---|
| 008 | 151018s9999 xx 000 0 und d | ||
| 082 |
_bRBASDV46289 _a610 |
||
| 100 | _aसुदर्शन भाटीया | ||
| 245 | _aसच्चा सुख निरोगी काया | ||
| 250 | _b1 | ||
| 260 |
_bराष्ट्रीय साहित्य प्रकाशन _c2007 |
||
| 300 | _a119 | ||
| 600 | _aसुदर्शन भाटीया | ||
| 630 | _aसच्चा सुख निरोगी काया | ||
| 700 | _aसुदर्शन भाटीया | ||
| 730 | _aसच्चा सुख निरोगी काया | ||
| 942 | _cBOOK | ||
| 999 |
_c1045452 _d1045449 |
||